书目信息 |
| 题名: |
康复式景观
|
|
| 作者: | 马库斯 , 萨克斯 著 ;刘技峰 译 | |
| 分册: | ||
| 出版信息: | 北京 电子工业出版社 2018 |
|
| 页数: | 338页 | |
| 开本: | 24cm | |
| 丛书名: | ||
| 单 册: | ||
| 中图分类: | TU246.2 | |
| 科图分类: | ||
| 主题词: | 康复机构--景观设计 | |
| 电子资源: | ||
| ISBN: | 978-7-121-33503-7 | |
| 000 | 01269nam0 2200253 450 | |
| 001 | 4834 | |
| 005 | 20181013103009.51 | |
| 010 | @a978-7-121-33503-7@dCNY138.00 | |
| 100 | @a20181010d2018 em y0chiy50 ea | |
| 101 | 1 | @achi@ceng |
| 102 | @aCN@b110000 | |
| 105 | @aa az 000yy | |
| 200 | 1 | @a康复式景观@9kang fu shi jing guan@e治愈系医疗花园和户外康复空间的循证设计方法@f(美)克莱尔·库伯·马库斯,(美)娜奥米·A·萨克斯著@g刘技峰译 |
| 210 | @a北京@c电子工业出版社@d2018 | |
| 215 | @a338页@c图,照片@d24cm | |
| 330 | @a本书首先回顾了医院户外空间的设计史,用一整章叙述了相关的研究和理论。接下来的几章是关于医疗空间的类型和选址,以及涵盖各种不同医疗机构的一般设计框架。随后的每章都侧重于一种针对特定患者和用户群的花园类型,如为儿童医院设计的花园,针对癌症患者、阿尔茨海默氏症患者的花园,以及收治精神病患者的医疗机构等。各章节均附有极为精美的插图。 | |
| 510 | 1 | @aRapeutic landscapes@ean evidence-based approach to designing healing gardens and restorative outdoor spaces@zeng |
| 606 | 0 | @a康复机构@x景观设计 |
| 690 | @aTU246.2@v5 | |
| 701 | 0 | @c(美)@a马库斯@9ma ku si@g(Marcus, Clare Cooper)@4著 |
| 701 | 0 | @c(美)@a萨克斯@9sa ke si@g(Sachs, Naomi A. )@4著 |
| 702 | 0 | @a刘技峰@9liu ji feng@4译 |
| 801 | 0 | @aCN@b91MARC@c20181010 |
| 905 | @aMuseLib@dTU246.2@e1469 | |
| 康复式景观:治愈系医疗花园和户外康复空间的循证设计方法/(美)克莱尔·库伯·马库斯,(美)娜奥米·A·萨克斯著/刘技峰译.-北京:电子工业出版社,2018 |
| 338页:图,照片;24cm |
| ISBN 978-7-121-33503-7:CNY138.00 |
| 本书首先回顾了医院户外空间的设计史,用一整章叙述了相关的研究和理论。接下来的几章是关于医疗空间的类型和选址,以及涵盖各种不同医疗机构的一般设计框架。随后的每章都侧重于一种针对特定患者和用户群的花园类型,如为儿童医院设计的花园,针对癌症患者、阿尔茨海默氏症患者的花园,以及收治精神病患者的医疗机构等。各章节均附有极为精美的插图。 |
| ● |
| 相关链接 |
|
|
|
|
正题名:康复式景观
索取号:TU246.2/1469
 
预约/预借
| 序号 | 登录号 | 条形码 | 馆藏地/架位号 | 状态 | 备注 |
| 1 | 1126868 | 211268689 | 第二样本阅览室/ [索取号:TU246.2/1469] | 在馆 | |
| 2 | 1126869 | 211268698 | 第三借阅区/ [索取号:TU246.2/1469] | 在馆 | |
| 3 | 1126870 | 211268705 | 第三借阅区/ [索取号:TU246.2/1469] | 在馆 |